000 00412nam a22001697a 4500
003 MPLRDC
005 20220104124700.0
008 210129b ||||| |||| 00| 0 eng d
082 _a733.8 ZY v.2
100 _a子羽编著
245 _a香港掌故. 二集
_c
250 _a初版
260 _a
_b香港上海书局
_c1981
300 _b
650 _a东亚诸岛屿--香港
942 _cBK
_o733.8 ZY v.2
999 _c21290
_d21280